Taylor Swift song - one word at the time #14 - Statistics

General Stats
  • This quiz has been taken 28 times
  • The average score is 326 of 380
Answer Stats
Answer % Correct
a
100%
He
100%
he's
100%
I
100%
it
100%
It's
100%
I've
100%
we
100%
We
100%
You
100%
you
100%
you've
100%
and
95%
And
95%
like
95%
the
95%
to
95%
when
95%
where
95%
back
90%
but
90%
down
90%
go
90%
in
90%
is
90%
me
90%
never
90%
no
90%
thing
90%
What
90%
your
90%
are
86%
cause
86%
Cause
86%
classic
86%
come
86%
crashing
86%
daydream
86%
Dean
86%
every
86%
eye
86%
James
86%
lip
86%
Long
86%
long
86%
look
86%
of
86%
oh
86%
Oh
86%
out
86%
Out
86%
red
86%
should
86%
So
86%
Style
86%
style
86%
that
86%
That
86%
time
86%
been
81%
can't
81%
Can't
81%
drive
81%
girl
81%
good
81%
got
81%
hair
81%
have
81%
headlights
81%
heard
81%
Heard
81%
just
81%
Just
81%
Know
81%
little
81%
on
81%
paradise
81%
pick
81%
slicked
81%
tell
81%
there
81%
tight
81%
t-shirt
81%
up
81%
white
81%
Could
76%
Midnight
76%
even
76%
exactly
76%
eyes
76%
from
76%
goes
76%
his
76%
keep
76%
leave
76%
road
76%
since
76%
skirt
76%
too
76%
while
76%
with
76%
1989
71%
about
71%
burning
71%
Take
71%
home
71%
leads
71%
other
71%
take
71%
Watch
71%
wild
71%
yeah
71%
Yeah
71%
coat
67%
each
67%
end
67%
Fade
67%
flames
67%
Lights
67%
off
67%
or
67%
round
67%
say
67%
says
67%
some
67%
Some
67%
Takes
67%
taking
67%
us
67%
few
62%
into
62%
said
62%
stop
62%
thinking
62%
times
62%
true
62%
view
62%
faith
48%
mm
43%
No matching quizzes found
Score Distribution
Percent of People with Each Score
Percentile by Number Answered
Your Score History
You have not taken this quiz